| 000 | 00524nam a22001817a 4500 | ||
|---|---|---|---|
| 003 | CEME | ||
| 005 | 20210628205114.0 | ||
| 008 | 210225b xxu||||| |||| 00| 0 eng d | ||
| 020 | _a0-89006-709-0 | ||
| 040 | _c. | ||
| 082 | _a621.38456 SRE'C | ||
| 100 |
_aKumar, Rajiv Sreetharan, Muthuthamby _973915 |
||
| 245 | _aCellular digital packet data | ||
| 260 |
_aBOSTON _bARTECH HOUSE _c1996 |
||
| 300 | _a315P | ||
| 650 |
_aRADIO PACKET TRANSMISSION CELLULAR RADIO WIRELESS COMMUNICATION SYSTEMS _973916 |
||
| 942 |
_cBK _2ddc |
||
| 999 |
_c579531 _d579531 |
||